000 01533cam a22003734i 4500
003 PE-LiUPU
005 20250731184052.0
008 150617s1072 pe r 000 0 spa d
035 _a(Sirsi) a16398
040 _aPE-LiUPU
_bspa
_cPE-LiUPU
_dPE-LiUPU
_erda
049 _aPRUA
082 0 4 _a869.56
_bC771c
_223
100 1 _aCook Robles, Antonio,
_eautor.
_d1902-
245 1 0 _aCuentos de mi Perú.
_nTomo II /
_cAntonio Cook Robles.
264 1 _aLima :
_bIberia,
_c1972.
300 _a237 páginas ;
_c20 centímetros.
336 _atext
_2rdacontent
337 _aunmediated
_2rdamedia
338 _avolume
_2rdacarrier
505 0 _aLa audacia de Godofredo -- La cruz de la justicia -- El disparo misterioso -- La odisea de Roger Muñoz -- El rapto -- El nuevo profesor -- La leyenda de la puna -- Arlequin -- El crimen de la modista -- Las valijas misteriosas -- El final de un desengaño -- La medicina -- El hábito morado -- Concepción y el loco Pérez.
526 _aP145
526 _aP127
526 _aP97
526 _aP14
526 _aP07
650 1 8 _aCuentos peruanos.
_ySiglo XX.
650 1 0 _aCuentos de costumbres
_zPerú.
_92168
650 1 0 _aCuentos históricos peruanos.
_92169
910 _ajck
942 _2ddc
_cBK
_n0
949 _a868.9935 C771c
_wDEWEY
_c1
_i16164
_lCCODEBUL1
_mBUL
_p18
_r0
_sY
_tBOOK
_u19780928
_xEDUCACION
_zUNKNOWN
_0COMPRA
_o.STAFF. Colección Ciencias Humanas y Educación
980 _81
_gALBERTO SANCHEZ Responsable de Automatización
999 _c12836
_d12836